Stati dove è legale il matrimonio tra persone dello stesso sesso - Statistics

Statistiche generali
  • Questo quiz è stato fatto 38 volte
  • Il punteggio medio è 31 su 35
Statistiche sulle risposte
Anno di legalizzazione Continente Nazione % Corretto
2013 Europa Francia
100%
2017 Europa Germania
100%
2010 America del Sud Argentina
97%
2019 Europa Austria
97%
2013 America del Sud Brasile
97%
2017 Europa Finlandia
97%
2005 Europa Spagna
97%
2009 Europa Svezia
97%
2022 Europa Svizzera
97%
2005 America del Nord Canada
94%
2022 America del Sud Cile
94%
2022 America del Nord Messico
94%
2009 Europa Norvegia
94%
2001 Europa Paesi Bassi
94%
2010 Europa Portogallo
94%
2015 America del Nord Stati Uniti
94%
2003 Europa Belgio
91%
2012 Europa Danimarca
91%
2020 Europa Regno Unito
91%
2016 America del Sud Colombia
88%
2024 Europa Grecia
88%
2017 Europa Australia
85%
2015 Europa Irlanda
85%
2015 Europa Lussemburgo
85%
2013 Oceania Nuova Zelanda
85%
2022 Europa Slovenia
85%
2019 America del Sud Ecuador
82%
2024 Europa Estonia
82%
2010 Europa Islanda
79%
2013 America del Sud Uruguay
79%
2023 Europa Andorra
76%
2006 Africa Sudafrica
76%
2022 America del Nord Cuba
74%
2017 Europa Malta
65%
2020 America del Nord Costa Rica
47%
Nessun quiz corrispondente trovato
Distribuzione punteggi
Percentuale di utenti per punteggio
Percentile per numero di risposta
I tuoi punteggi nel tempo
Non hai fatto questo quiz